000 00446cam a2200181ua 4500
001 6027
008 131031n ii |||gr||||Z||||||eng
020 _a81-2080-0435-X
040 _cMAIN
082 _a934
100 1 _aMajumdar,R.C,
_eAuthor.
245 1 1 _aAncient India
_cby R.C Majumdar
250 _a8th ed.Reprint.
260 _aDelhi:
_bMotilal Banarsidas Publishers,
_c1998.
300 _axv,518p.
653 _aIndia to 647
942 _cBK
999 _c5180
_d5180